Microbiology for Nurses & Allied Sciences/ (Record no. 13601)
[ view plain ]
| 000 -LEADER | |
|---|---|
| fixed length control field | 00500nam a22001697a 4500 |
| 008 - FIXED-LENGTH DATA ELEMENTS--GENERAL INFORMATION | |
| fixed length control field | 100307s2005 ii|||||r|||| 001 0 eng d |
| 020 ## - INTERNATIONAL STANDARD BOOK NUMBER | |
| International Standard Book Number | 8123912145 |
| 082 ## - DEWEY DECIMAL CLASSIFICATION NUMBER | |
| Edition number | 22 |
| Classification number | 616.01 |
| Item number | ARO |
| 100 ## - MAIN ENTRY--PERSONAL NAME | |
| 9 (RLIN) | 12326 |
| Personal name | Arora, D. R. |
| 245 ## - TITLE STATEMENT | |
| Title | Microbiology for Nurses & Allied Sciences/ |
| Statement of responsibility, etc | D. R. Arora & B. Arora |
| 260 ## - PUBLICATION, DISTRIBUTION, ETC. (IMPRINT) | |
| Place of publication, distribution, etc | New Delhi: |
| Name of publisher, distributor, etc | CBS, 2005 |
| Date of publication, distribution, etc | 2005 |
| 300 ## - PHYSICAL DESCRIPTION | |
| Extent | 260p.: |
| Other physical details | ill.; |
| Dimensions | 23 cm. |
| 500 ## - GENERAL NOTE | |
| General note | Includes index |
| 650 ## - SUBJECT ADDED ENTRY--TOPICAL TERM | |
| 9 (RLIN) | 12324 |
| Topical term or geographic name as entry element | Medical microbiology |
| 700 ## - ADDED ENTRY--PERSONAL NAME | |
| 9 (RLIN) | 12325 |
| Personal name | Arora, B. |
| 942 ## - ADDED ENTRY ELEMENTS (KOHA) | |
| Source of classification or shelving scheme | Dewey Decimal Classification |
| Item type | |
| Withdrawn status | Item status | Source of classification or shelving scheme | Damaged status | Not for loan | Vendor | Home library | Current library | Shelving location | Date acquired | Source of acquisition | Cost, normal purchase price | Serial Enumeration / chronology | Total Checkouts | Total Renewals | Full call number | Barcode | Date last seen | Date last borrowed | Koha item type |
|---|---|---|---|---|---|---|---|---|---|---|---|---|---|---|---|---|---|---|---|
| Dewey Decimal Classification | Academic Bookshop | Central Library | Central Library | First floor | 07/03/2010 | 54.00 | 3698 | 3 | 9 | 616.01 ARO | 000020063 | 15/07/2025 | 23/04/2013 | Book - Borrowing |